Heidenheim Kader 2024/25 - Statistiken

Allgemein
  • Dieses Quiz wurde 65 mal gespielt
  • Das Durchschnittsergebnis liegt bei 16 aus 29
Antwortstatistiken
Nationalität Spieler % Korrekt
Deutschland Kevin Müller
95%
Deutschland Patrick Mainka
86%
Deutschland Paul Wanner
86%
Brasilien/Luxemburg Leo Scienza
77%
Georgien Budu Zivzivadze
74%
Deutschland Niklas Dorsch
70%
Deutschland/Togo Omar Traore
70%
Deutschland Frans Krätzig
67%
Deutschland Tim Siersleben
63%
Deutschland Jan Schöppner
60%
Deutschland/Ghana Sirlord Conteh
60%
Deutschland Benedikt Gimber
58%
Deutschland Marnon Busch
58%
Deutschland Marvin Pieringer
58%
Deutschland Jonas Föhrenbach
56%
USA/Deutschland Lennard Maloney
53%
Österreich Mathias Honsak
53%
Deutschland Adrian Beck
47%
Dänemark Mikkel Kaufmann
42%
Deutschland Stefan Schimmer
42%
Deutschland Vitus Eicher
42%
Deutschland Luca Kerber
35%
Deutschland Maximilian Breunig
35%
Deutschland Norman Theuerkauf
35%
Deutschland Thomas Keller
28%
Deutschland Christopher Negele
26%
Deutschland Frank Keller
26%
Deutschland Julian Niehues
26%
Deutschland Denis Thomalla
23%
Keine übereinstimmenden Quizze gefunden
Verteilung der Resultate
Anzahl Personen mit jedem Resultat
Perzentil nach korrekt beantworteten Fragen
Ihre Resultats-Entwicklung
Sie haben dieses Quiz noch nicht gespielt